00706nam a2200217 a 4500001001300000003000900013005001700022008004100039020002300080082001500103100002300118245008900141260004200230300000900272500003500281650002200316902000800338942000700346952011800353999001700471nice12345678IN_TiNIC20260116015349.0100921s2003 bana grp 000 0 eng  a8187712007 c10000a269.2bPAC aPackiamuthu, David aTirunelveli`s Evangelical Christiansb Two Centuries of Family Vamsavazhi Traditions aBanglore, India bSAIACS Press c2003 a159p aincludes index and biblioraphy aEvangelistic Work bSRS cBK 001040708StackRoom-aHMIbHMId2012-03-02g100.00l0o269.2 PACp11002223r2012-03-02v100.00w2010-09-21yBK c19397d19397